Zmeny konkurenčnej štruktúry vybraných priemyselných odvetví Slovenskej republiky

Pojem konkurenčná štruktúra a jej typy. Význam hodnotenia konkurenčnej štruktúry odvetvia. Kvantitatívna analýza zmien vo vývoji konkurenčnej štruktúry vybraných nosných priemyselných odvetví Slovenskej republiky.

Na minha lista:
Detalhes bibliográficos
Autor principal: Bobenič Hintošová, Aneta, 1979-
Outros Autores: Demjanová, Lucia, 1981-
Formato: Capítulo de Livro
Idioma:eslovaco
Assuntos:
Tags: Adicionar Tag
Sem tags, seja o primeiro a adicionar uma tag!

MARC

LEADER 00000naa$a2200000$$$4500
001 0105303
005 20240710084422.1
041 0 |a slo 
044 |a SK 
245 1 0 |a Zmeny konkurenčnej štruktúry vybraných priemyselných odvetví Slovenskej republiky  |c Aneta Bobenič Hintošová, Lucia Demjanová 
520 |a Pojem konkurenčná štruktúra a jej typy. Význam hodnotenia konkurenčnej štruktúry odvetvia. Kvantitatívna analýza zmien vo vývoji konkurenčnej štruktúry vybraných nosných priemyselných odvetví Slovenskej republiky. 
610 2 0 |a konkurencia 
610 2 0 |a Slovensko 
610 2 0 |a analýza kvantitatívna 
610 2 0 |a odvetvia priemyselné 
100 1 |a Bobenič Hintošová, Aneta, 1979- 
700 1 |a Demjanová, Lucia, 1981-